00689 2200181 4500245003400000020002200034250001100056100001800067700001500085650001700100005001900117260004000136041001400176084001100190300002300201500027400224336000900498 a172 DayscNadzira ShafahText a978-623-6483-72-5 aCet. 2 aNadzira Shafa aJee Luvina aNovel Remaja a20240125101615 aJawa BaratbMotivaksi Inspirac2022 aIndonesia a808.83 a241 hlm. :c19 cm. aBisakah aku melanjutkan hidup ini? Dia adalah rumahku dan duniaku. "Aku harus bagaimana sekarang melanjutkan hidupku?" Lirihku dalam hati. Dengan sekejap hidupku berubah. Kebahagiaanku terenggut dalam hitungan menit. Pikiranku kalut dan tak bisa berpikir dengan jernih. atext